ბათუმის შოთა რუსთაველის სახელმწიფო უნივერსიტეტის ბიბლიოთეკა

Resolving structural conflicts : (ბიბ.ჩანაწერი № 57709)

000 -LEADER
fixed length control field 00659cam a2200193 i 4500
001 - CONTROL NUMBER
control field 19372421
005 - DATE AND TIME OF LATEST TRANSACTION
control field 20221122155755.0
008 - FIXED-LENGTH DATA ELEMENTS--GENERAL INFORMATION
fixed length control field 161114s2017 enk b 001 0 eng
020 ## - INTERNATIONAL STANDARD BOOK NUMBER
International Standard Book Number 9781138956322x
041 ## - LANGUAGE CODE
Language code of text/sound track or separate title eng
080 ## - UNIVERSAL DECIMAL CLASSIFICATION NUMBER
Universal Decimal Classification number 316.485.6 R-88
100 1# - MAIN ENTRY--PERSONAL NAME
Personal name Rubenstein, Richard E.
9 (RLIN) 9565
245 10 - TITLE STATEMENT
Title Resolving structural conflicts :
Remainder of title how violent systems can be transformed /
Statement of responsibility, etc. Richard E. Rubenstein.
264 #1 - PRODUCTION, PUBLICATION, DISTRIBUTION, MANUFACTURE, AND COPYRIGHT NOTICE
Place of production, publication, distribution, manufacture London :
Name of producer, publisher, distributor, manufacturer Routledge, Taylor & Francis Group,
Date of production, publication, distribution, manufacture, or copyright notice 2017.
300 ## - PHYSICAL DESCRIPTION
Extent 159 pages ;
Dimensions 24 cm.
653 ## - INDEX TERM--UNCONTROLLED
keyword სოციოლოგია
653 ## - INDEX TERM--UNCONTROLLED
keyword სტრუქტურული კონფლიქტები
942 ## - ADDED ENTRY ELEMENTS (KOHA)
Source of classification or shelving scheme
Koha item type წიგნი
ეგზემპლარები
Withdrawn status Lost status Source of classification or shelving scheme Damaged status Not for loan Permanent Location Current Location Shelving location Date acquired Cost, normal purchase price Full call number Barcode Date last seen Copy number Price effective from Koha item type Public note
          ბათუმის შოთა რუსთაველის სახელმწიფო უნივერსიტეტის მთავარი ბიბლიოთეკა ბათუმის შოთა რუსთაველის სახელმწიფო უნივერსიტეტის მთავარი ბიბლიოთეკა წიგნსაცავი 2020-09-28 13.86 316.485.6 R-88 61041 2020-09-28 61041 2020-09-28 წიგნი 13 ლ. 86 თ.